<?xml version='1.0' encoding='UTF-8'?>
  <record xmlns="http://www.loc.gov/MARC21/slim">
    <leader>00000cam a2200000 i 4500</leader>
    <controlfield tag="001">ocm65037417</controlfield>
    <controlfield tag="003">OCoLC</controlfield>
    <controlfield tag="005">20241221152941.9</controlfield>
    <controlfield tag="008">900402s1778    ne            000 0 dut d</controlfield>
    <datafield tag="040" ind1=" " ind2=" ">
      <subfield code="a">NLGGC</subfield>
      <subfield code="b">dut</subfield>
      <subfield code="e">fobidrtb</subfield>
      <subfield code="c">NLGGC</subfield>
      <subfield code="d">QGJ</subfield>
      <subfield code="d">OCLCA</subfield>
      <subfield code="d">L2U</subfield>
      <subfield code="d">OCLCO</subfield>
      <subfield code="d">OCLCL</subfield>
      <subfield code="d">OCLCQ</subfield>
    </datafield>
    <datafield tag="029" ind1="0" ind2=" ">
      <subfield code="a">NLGGC</subfield>
      <subfield code="b">060886927</subfield>
    </datafield>
    <datafield tag="035" ind1=" " ind2=" ">
      <subfield code="a">(OCoLC)65037417</subfield>
    </datafield>
    <datafield tag="084" ind1=" " ind2=" ">
      <subfield code="a">33.18</subfield>
      <subfield code="2">bcl</subfield>
    </datafield>
    <datafield tag="084" ind1=" " ind2=" ">
      <subfield code="a">42.03</subfield>
      <subfield code="2">bcl</subfield>
    </datafield>
    <datafield tag="100" ind1="1" ind2=" ">
      <subfield code="a">Baker, Henry,</subfield>
      <subfield code="c">natuurhistoricus,</subfield>
      <subfield code="d">1698-1774.</subfield>
      <subfield code="1">https://id.oclc.org/worldcat/entity/E39PBJrgJMD4F6gktJ7v4P6h73</subfield>
    </datafield>
    <datafield tag="245" ind1="1" ind2="4">
      <subfield code="a">Het mikroskoop gemakkelyk gemaakt, of gemeenzaame beschryving, van allerley werktuigen, die men gebruikt om zeer kleine diertjes en andere voorwerpen, klaar en duidelyk, vergroot zynde, te beschouwen; met al het gene daar toe behoort :</subfield>
      <subfield code="b">vervolgd met een berigt van de verbaazende ontdekkingen, die door middel van vergrootglazen gedaan zyn /</subfield>
      <subfield code="c">door Henrik Baker.</subfield>
    </datafield>
    <datafield tag="246" ind1="3" ind2=" ">
      <subfield code="a">mikroskoop gemakkelyk gemaakt</subfield>
    </datafield>
    <datafield tag="250" ind1=" " ind2=" ">
      <subfield code="a">By deezen derden druk thans nagezien, verrykt met aant. en verm. met een aanhangzel ... door Martinus Houttuyn.</subfield>
    </datafield>
    <datafield tag="260" ind1=" " ind2=" ">
      <subfield code="a">te Amsterdam :</subfield>
      <subfield code="b">by de erven van F. Houttuyn,</subfield>
      <subfield code="c">1778.</subfield>
    </datafield>
    <datafield tag="300" ind1=" " ind2=" ">
      <subfield code="a">XXXVI, 496, XVI p. :</subfield>
      <subfield code="b">ill. ;</subfield>
      <subfield code="c">in-8.</subfield>
    </datafield>
    <datafield tag="336" ind1=" " ind2=" ">
      <subfield code="a">tekst</subfield>
      <subfield code="b">txt</subfield>
      <subfield code="2">rdacontent/dut</subfield>
    </datafield>
    <datafield tag="337" ind1=" " ind2=" ">
      <subfield code="a">zonder medium</subfield>
      <subfield code="b">n</subfield>
      <subfield code="2">rdamedia/dut</subfield>
    </datafield>
    <datafield tag="338" ind1=" " ind2=" ">
      <subfield code="a">band</subfield>
      <subfield code="b">nc</subfield>
      <subfield code="2">rdacarrier/dut</subfield>
    </datafield>
    <datafield tag="500" ind1=" " ind2=" ">
      <subfield code="a">*-2* 8 3* 2 A-2I 8.</subfield>
    </datafield>
    <datafield tag="530" ind1=" " ind2=" ">
      <subfield code="a">Titel is geselecteerd voor digitalisering voor de Universiteit van Leiden in het kader van het Google Books-project.</subfield>
    </datafield>
    <datafield tag="650" ind1=" " ind2="7">
      <subfield code="a">33.18 classical optics.</subfield>
      <subfield code="0">(NL-LeOCL)077595610</subfield>
      <subfield code="2">bcl</subfield>
    </datafield>
    <datafield tag="650" ind1=" " ind2="7">
      <subfield code="a">42.03 methods and techniques of biology.</subfield>
      <subfield code="0">(NL-LeOCL)07760296X</subfield>
      <subfield code="2">bcl</subfield>
    </datafield>
    <datafield tag="650" ind1="1" ind2="7">
      <subfield code="a">Microscopen.</subfield>
      <subfield code="2">gtt</subfield>
      <subfield code="0">(NL-LeOCL)078590485</subfield>
    </datafield>
    <datafield tag="700" ind1="1" ind2=" ">
      <subfield code="a">Houttuyn, Martinus,</subfield>
      <subfield code="d">1720-1798.</subfield>
      <subfield code="1">https://id.oclc.org/worldcat/entity/E39PBJycJ8QJC7fTcwkXCqXDbd</subfield>
    </datafield>
    <datafield tag="710" ind1="0" ind2=" ">
      <subfield code="a">Houttuyn, Frans (erven, Amsterdam)</subfield>
      <subfield code="4">prt</subfield>
      <subfield code="0">(NL-LeOCL)077146522</subfield>
    </datafield>
    <datafield tag="776" ind1="0" ind2=" ">
      <subfield code="t">Het mikroskoop gemakkelyk gemaakt, of gemeenzaame beschryving, van allerley werktuigen, die men gebruikt om zeer kleine diertjes en andere voorwerpen, klaar en duidelyk, vergroot zynde, te beschouwen; met al het gene daar toe behoort</subfield>
      <subfield code="w">(NL-LeOCL)41139147X</subfield>
    </datafield>
    <datafield tag="936" ind1=" " ind2=" ">
      <subfield code="a">BATCHLOAD</subfield>
    </datafield>
  </record>